[Event "Astrakhan op"]
[Site "Astrakhan"]
[Date "2013.08.17"]
[Round "4"]
[White "Sergeev, Dmitry"]
[Black "Poley, Vladimir"]
[Result "1/2-1/2"]
[WhiteElo "2072"]
[BlackElo "2326"]
[PlyCount "68"]
[EventDate "2013.08.14"]
[EventType "swiss"]
[EventRounds "9"]
[EventCountry "RUS"]
[SourceTitle "CBM 156 Extra"]
[Source "ChessBase"]
[SourceDate "2013.10.22"]
[SourceVersion "1"]
[SourceVersionDate "2013.10.22"]
[SourceQuality "1"]

1. e4 g6 2. d4 Bg7 3. Nc3 c6 4. Nf3 d5 5. h3 Nh6 6. Bf4 dxe4 7. Nxe4 Qa5+ 8. Qd2 Qxd2+ 9. Bxd2 0-0 10. 0-0-0 Nf5 11. Bf4 Rd8 12. Bc7 Rd7 13. Be5 Bxe5 14. dxe5 Rxd1+ 15. Kxd1 Be6 16. g4 Ng7 17. Bd3 Nd7 18. Ke2 Bd5 19. c4 Bxe4 20. Bxe4 Ne6 21. Ke3 Nb6 22. b3 a5 23. a4 Rd8 24. Bc2 Kf8 25. h4 h6 26. Re1 Ke8 27. Rg1 Nd7 28. Rd1 Ndc5 29. Rg1 Na6 30. Rd1 Nb4 31. Rxd8+ Kxd8 32. Be4 Nc5 33. Nd4 e6 34. f4 Ke7 1/2-1/2

[Event "Tula CC-ch"]
[Site "Tula"]
[Date "2005.10.15"]
[Round "1"]
[White "Sergeev, Dmitry"]
[Black "Burimov, Sergey"]
[Result "0-1"]
[WhiteElo "2118"]
[BlackElo "2058"]
[PlyCount "56"]
[EventDate "2005.10.15"]
[EventType "swiss"]
[EventRounds "9"]
[EventCountry "RUS"]
[SourceTitle "EXT 2006"]
[Source "ChessBase"]
[SourceDate "2005.11.24"]
[SourceVersion "1"]
[SourceVersionDate "2005.11.24"]
[SourceQuality "1"]

1. f4 d5 2. Nf3 g6 3. g3 Bg7 4. c3 Nf6 5. Bg2 0-0 6. 0-0 c6 7. d3 Nbd7 8. h3 Re8 9. Be3 e5 10. fxe5 Nxe5 11. Nxe5 Rxe5 12. Bf2 Qe7 13. e3 Bh6 14. Qd2 Bd7 15. Na3 Re8 16. Nc2 Nh5 17. Kh2 Ng7 18. g4 f5 19. Bf3 fxg4 20. hxg4 Rf8 21. Qe2 Rxf3 22. Qxf3 Bxg4 23. Qg2 Rh5+ 24. Kg1 Bh3 25. Qf3 Rg5+ 26. Bg3 Bxf1 27. Rxf1 Nf5 28. Kh2 Rxg3 0-1